<?xml version="1.0" encoding="UTF-8"?>
<marc:record xmlns:marc="http://www.loc.gov/MARC21/slim">
   <marc:leader>00000nam a2200000 a 4500</marc:leader>
   <marc:datafield ind1="0" ind2="0" tag="245">
      <marc:subfield code="a">Die Nervensägen</marc:subfield>
   </marc:datafield>
   <marc:datafield ind1=" " ind2="1" tag="264">
      <marc:subfield code="a">Leipzig</marc:subfield>
      <marc:subfield code="b">Kinowelt Home Entertainment</marc:subfield>
      <marc:subfield code="c">2008</marc:subfield>
   </marc:datafield>
   <marc:datafield ind1="1" ind2=" " tag="490">
      <marc:subfield code="a">6</marc:subfield>
   </marc:datafield>
   <marc:datafield ind1="1" ind2=" " tag="520">
      <marc:subfield code="a">Die 10-jährige Lola ist ein echter Tyrann: Sie dreht die Musik zu laut auf, legt die Füße auf den Tisch und macht auch sonst, was sie will - kurz, sie tanzt ihren Eltern auf der Nase herum. Diese wissen sich bald nicht mehr zu helfen. Gemeinsam mit einem befreundeten Paar, das in ähnlichen Nöten steckt, ergreifen sie drastische Maßnahmen...</marc:subfield>
   </marc:datafield>
   <marc:datafield ind1=" " ind2=" " tag="020">
      <marc:subfield code="a">4010324026491</marc:subfield>
      <marc:subfield code="9">4010324026491</marc:subfield>
   </marc:datafield>
   <marc:datafield ind1="0" ind2=" " tag="490">
      <marc:subfield code="v">0</marc:subfield>
   </marc:datafield>
   <marc:datafield ind1=" " ind2=" " tag="300">
      <marc:subfield code="a">91 Min.</marc:subfield>
   </marc:datafield>
</marc:record>
